Junqueira's basic histology : (Record no. 33)

000 -LEADER
fixed length control field 01587cam a2200421Ia 4500
001 - CONTROL NUMBER
control field 1038533068
003 - CONTROL NUMBER IDENTIFIER
control field OCoLC
005 - DATE AND TIME OF LATEST TRANSACTION
control field 20241110182953.0
006 - FIXED-LENGTH DATA ELEMENTS--ADDITIONAL MATERIAL CHARACTERISTICS
fixed length control field m o d
007 - PHYSICAL DESCRIPTION FIXED FIELD--GENERAL INFORMATION
fixed length control field cr |n|||||||||
008 - FIXED-LENGTH DATA ELEMENTS--GENERAL INFORMATION
fixed length control field 180604s2018 nyua fo 000 0 eng d
020 ## - INTERNATIONAL STANDARD BOOK NUMBER
International Standard Book Number 9781260026177
020 ## - INTERNATIONAL STANDARD BOOK NUMBER
Canceled/invalid ISBN 1260026175
International Standard Book Number 1260026175
035 ## - SYSTEM CONTROL NUMBER
System control number (OCoLC)1038533068
040 ## - CATALOGING SOURCE
Original cataloging agency INM
Language of cataloging eng
Description conventions pn
Transcribing agency INM
Modifying agency OCLCO
-- UIU
-- VTM
-- YYE
049 ## - LOCAL HOLDINGS (OCLC)
Holding library YYEA
-- VZYM
080 ## - UNIVERSAL DECIMAL CLASSIFICATION NUMBER
Universal Decimal Classification number 616-018
Item number M-60
096 ## - LOCALLY ASSIGNED NLM-TYPE CALL NUMBER (OCLC)
Classification number QS 504 J955b 2018
100 1# - MAIN ENTRY--PERSONAL NAME
Personal name Mescher, Anthony L.
245 10 - TITLE STATEMENT
Title Junqueira's basic histology :
Remainder of title text and atlas /
Statement of responsibility, etc. Anthony L. Mescher.
246 30 - VARYING FORM OF TITLE
Title proper/short title Basic histology.
250 ## - EDITION STATEMENT
Edition statement 15th ed.
260 ## - PUBLICATION, DISTRIBUTION, ETC.
Place of publication, distribution, etc. [New York] :
Name of publisher, distributor, etc. McGraw-Hill Education,
Date of publication, distribution, etc. 2018.
300 ## - PHYSICAL DESCRIPTION
Extent 562 p.
Other physical details illustrations (chiefly color)
365 ## - TRADE PRICE
Price amount 53.81 usd
500 ## - GENERAL NOTE
General note Preceded by: Junqueira's basic histology / Anthony L. Mescher. Thirteenth edition, 2016.
500 ## - GENERAL NOTE
General note EINSTEIN & MMC: available online via AccessMedicine. See Reference staff for assistance.
588 0# - SOURCE OF DESCRIPTION NOTE
Source of description note Online version; title from online title page (AccessMedicine website, viewed June 4, 2018).
590 ## - LOCAL NOTE (RLIN)
Local note c.1 10072056 Ritt 7/30/2018 $75.00.
650 #2 - SUBJECT ADDED ENTRY--TOPICAL TERM
Topical term or geographic name entry element Histology
Form subdivision Atlases.
650 #0 - SUBJECT ADDED ENTRY--TOPICAL TERM
Topical term or geographic name entry element Medicine
9 (RLIN) 69
653 ## - INDEX TERM--UNCONTROLLED
Uncontrolled term ჰისტოლოგია
653 ## - INDEX TERM--UNCONTROLLED
Uncontrolled term მედიცინა
700 1# - ADDED ENTRY--PERSONAL NAME
Personal name Junqueira, Luiz Carlos Uchôa,
Dates associated with a name 1920-
Title of a work Histologia básica.
Language of a work English.
710 2# - ADDED ENTRY--CORPORATE NAME
Corporate name or jurisdiction name as entry element McGraw-Hill Companies.
776 08 - ADDITIONAL PHYSICAL FORM ENTRY
Relationship information Print version:
Main entry heading Mescher, Anthony L.
Uniform title Histologia básica. English.
Title Junqueira's basic histology.
942 ## - ADDED ENTRY ELEMENTS (KOHA)
Source of classification or shelving scheme
Koha item type Books
Edition 15
Holdings
Withdrawn status Lost status Source of classification or shelving scheme Damaged status Not for loan Permanent location Current location Date acquired Inventory number Total Checkouts Full call number Barcode Date last seen Date last checked out Price effective from Koha item type Total Renewals
          Ken Walker International University Ken Walker International University 11/05/2020 63 25 616-018 M-60 63 03/31/2026 03/31/2026 11/05/2020 Books  
          Ken Walker International University Ken Walker International University 11/19/2020 1162 18 616-018 M-60 1162 02/14/2026 02/14/2026 11/19/2020 Books 5
          Ken Walker International University Ken Walker International University 11/19/2020 1163 17 616-018 M-60 1163 03/11/2026 03/11/2026 11/19/2020 Books 1

Powered by Koha